| 000 | 00939nam a2200277 a 4500 | ||
|---|---|---|---|
| 008 | |||
| 020 | _a0750603690 (hbk.) | ||
| 049 | _aMAIN | ||
| 090 |
_aRE451 _bCAT |
||
| 245 | 0 | 0 |
_aCataract : _bdetection, measurement, and management in optometric practice / _cedited by William A. Douthwaite and Mark A. Hurst ; foreword by L.D. Pickwell. |
| 260 |
_aBoston : _bButterworth-Heinemann, _c1993. |
||
| 300 |
_axii, 140 p., [8] p. of plates : _bill. (some col.) ; _c26 cm. |
||
| 500 | _aIncludes index. | ||
| 504 | _aIncludes bibliographical references. | ||
| 650 | 0 | _aCataract. | |
| 650 | 1 | 2 |
_aCataract _xdiagnosis. |
| 650 | 1 | 2 |
_aCataract _xphysiopathology. |
| 650 | 1 | 2 |
_aCataract _xtherapy. |
| 700 | 1 | _aDouthwaite, William A. | |
| 700 | 1 | _aHurst, Mark A. | |
| 907 |
_a.b10334476 _b24-09-13 _c02-08-13 |
||
| 003 | |||
| 005 | 20230120204134.0 | ||
| 040 | _cNUST | ||
| 942 |
_cBOOKS _kRE451 _mCAT |
||
| 999 |
_c117824 _d117824 |
||